[Event "Parana-ch"]
[Site "Maringa"]
[Date "2019.12.14"]
[Round "6"]
[White "Waterkemper, Wesley Nobuyuki Tom"]
[Black "Silva, Richard Santana"]
[Result "0-1"]
[WhiteElo "1740"]
[BlackElo "1515"]
[PlyCount "84"]
[EventDate "2019.12.12"]
[EventType "swiss"]
[EventRounds "7"]
[EventCountry "BRA"]
[SourceTitle "CBM 193 Extra"]
[Source "ChessBase"]
[SourceDate "2020.01.31"]
[SourceVersion "1"]
[SourceVersionDate "2020.01.31"]
[SourceQuality "1"]

1. e4 e6 2. d4 d5 3. Nc3 Nf6 4. Bg5 Be7 5. e5 Nfd7 6. Bxe7 Qxe7 7. Qg4 g6 8. f4 c5 9. Nf3 cxd4 10. Nxd4 Qb4 11. Nb3 Nxe5 12. Qg5 Nc4 13. Qf6 0-0 14. a3 Qb6 15. 0-0-0 Nd7 16. Qg5 Qe3+ 17. Kb1 Nxa3+ 18. bxa3 Qxc3 19. h4 Qf6 20. Rd3 Qxg5 21. hxg5 Rd8 22. Rdh3 Nf8 23. Rh6 Rd6 24. Bd3 Bd7 25. g4 Be8 26. Nd2 Rc8 27. Nf3 Rc3 28. Ne5 Rxa3 29. R1h2 Rb6+ 30. Kc1 a5 31. f5 exf5 32. gxf5 Rc3 33. Ng4 Rcc6 34. fxg6 fxg6 35. Nf6+ Rxf6 36. gxf6 Rxf6 37. Re2 Re6 38. Rf2 b5 39. Re2 Kg7 40. Rxe6 Nxe6 41. Rh3 Nf4 42. Re3 Nxd3+ 0-1

[Event "Parana-ch"]
[Site "Maringa"]
[Date "2019.12.12"]
[Round "2"]
[White "De Lima, Juan Palhari Goncal"]
[Black "Silva, Richard Santana"]
[Result "1-0"]
[WhiteElo "1800"]
[BlackElo "1515"]
[PlyCount "69"]
[EventDate "2019.12.12"]
[EventType "swiss"]
[EventRounds "7"]
[EventCountry "BRA"]
[SourceTitle "CBM 193 Extra"]
[Source "ChessBase"]
[SourceDate "2020.01.31"]
[SourceVersion "1"]
[SourceVersionDate "2020.01.31"]
[SourceQuality "1"]

1. d4 e6 2. Nf3 d5 3. Bf4 Nf6 4. e3 c5 5. Bd3 Nc6 6. c3 Bd7 7. Nbd2 Rc8 8. 0-0 cxd4 9. exd4 Be7 10. Ne5 Nxe5 11. dxe5 Ng8 12. Qg4 g6 13. Nf3 f5 14. exf6 Nxf6 15. Bxg6+ hxg6 16. Qxg6+ Kf8 17. Ne5 Be8 18. Bh6+ Rxh6 19. Qxh6+ Kg8 20. Rad1 Bb5 21. Rd4 Qf8 22. Qg6+ Qg7 23. Re1 Qxg6 24. Nxg6 Bc5 25. Rf4 Ne4 26. b4 Bb6 27. Ne7+ Kg7 28. Nxc8 Nxc3 29. Rg4+ Kf6 30. Nxb6 axb6 31. h4 Ne2+ 32. Kh2 d4 33. Rxe2 Bxe2 34. Rxd4 b5 35. Rd7 1-0

[Event "Curitiba Sul Region-ch"]
[Site "Curitiba"]
[Date "2017.04.15"]
[Round "4"]
[White "Silva, Richard Santana"]
[Black "Salvadego, Matheus Henrique De"]
[Result "1/2-1/2"]
[WhiteElo "1800"]
[BlackElo "1458"]
[PlyCount "77"]
[EventDate "2017.04.14"]
[EventType "swiss"]
[EventRounds "6"]
[EventCountry "BRA"]
[SourceTitle "CBM 178 Extra"]
[Source "ChessBase"]
[SourceDate "2017.06.22"]
[SourceVersion "1"]
[SourceVersionDate "2017.06.22"]
[SourceQuality "1"]

1. e4 e5 2. Nf3 Nc6 3. Bc4 Bc5 4. 0-0 Nf6 5. Nc3 d6 6. h3 0-0 7. d3 h6 8. Re1 a6 9. a3 b5 10. Ba2 Bb7 11. Nd5 Nxd5 12. Bxd5 Rb8 13. b4 Ba7 14. c3 Ne7 15. Bxb7 Rxb7 16. Bb2 c5 17. Rc1 cxb4 18. axb4 Qb6 19. Rc2 f5 20. Bc1 f4 21. Ra2 Rc7 22. Ree2 Rxc3 23. Bb2 Rc6 24. d4 exd4 25. Nxd4 Rc4 26. Ne6 Rf7 27. Rd2 Rxe4 28. Qg4 Re1+ 29. Kh2 Nf5 30. Nxf4 Ne3 31. Qc8+ Kh7 32. fxe3 Qxe3 33. Qc2+ Kg8 34. Ne2 Rff1 35. Qc8+ Kh7 36. Qc2+ Kg8 37. Qc8+ Kh7 38. Qc2+ Kg8 39. Qc8+ 1/2-1/2